Construction and management practice (Record no. 79764)

MARC details
000 -LEADER
fixed length control field 00912nam a2200205 a 4500
008 - FIXED-LENGTH DATA ELEMENTS--GENERAL INFORMATION
fixed length control field 120416s1988 ||||||||||||||||| || u
020 ## - INTERNATIONAL STANDARD BOOK NUMBER
International Standard Book Number 0074518763
050 ## - LIBRARY OF CONGRESS CALL NUMBER
Classification number TH 438 Rai
100 ## - MAIN ENTRY--PERSONAL NAME
Personal name Raina, V. K
245 10 - TITLE STATEMENT
Title Construction and management practice
246 ## -
-- the inside story
260 ## - PUBLICATION, DISTRIBUTION, ETC.
Place of publication, distribution, etc. New Delhi
Name of publisher, distributor, etc. Tata McGraw-Hill
Date of publication, distribution, etc. 1988
300 ## - PHYSICAL DESCRIPTION
Extent xi, 79p. : ill.
350 ## -
-- 0.00
650 ## - SUBJECT ADDED ENTRY--TOPICAL TERM
Topical term or geographic name entry element CONSTRUCTION
650 ## - SUBJECT ADDED ENTRY--TOPICAL TERM
Topical term or geographic name entry element CONSTRUCTION MANAGEMENT
995 ## -
-- BINDERY (DAMAGED)
-- 0.00
-- 724411
-- CBU-MAIN LIBRARY (Kitwe)
-- 1
-- 0.00
-- TH 438 Rai
-- 1
-- DAMAGED
-- 016143
-- Main Library Open Access Collection
995 ## -
-- ANNEX COLLECTION (Main Library)
-- 0.00
-- 724413
-- CBU-MAIN LIBRARY (Kitwe)
-- 3
-- 0.00
-- TH 438 Rai
-- 3
-- AVAILABLE
-- 016145
-- Annex Low-Usage Collection
995 ## -
-- BINDERY (DAMAGED)
-- 0.00
-- 724412
-- CBU-MAIN LIBRARY (Kitwe)
-- 2
-- 0.00
-- TH 438 Rai
-- 2
-- DAMAGED
-- 016144
-- Main Library Open Access Collection
999 ## -
-- 79764
-- 79764
Holdings
Withdrawn status Lost status Source of classification or shelving scheme Damaged status Not for loan Permanent Location Current Location Shelving location Date acquired Total Checkouts Full call number Barcode Date last seen Copy number Price effective from Koha item type
          CBU-MAIN LIBRARY, KITWE. CBU-MAIN LIBRARY, KITWE.   06/29/2023   TH 438 Rai 016143 06/29/2023 1 06/29/2023 MONOGRAPH
          CBU-MAIN LIBRARY, KITWE. CBU-MAIN LIBRARY, KITWE.   06/29/2023   TH 438 Rai 016145 06/29/2023 2 06/29/2023 MONOGRAPH
          CBU-MAIN LIBRARY, KITWE. CBU-MAIN LIBRARY, KITWE.   06/29/2023   TH 438 Rai 016144 06/29/2023 3 06/29/2023 MONOGRAPH